000 01459nam0a2200385 4500
001 RU\NLR\bibl\252040
005 20250620123138.0
010 _a5-93437-094-4
_98000
021 _aRU
_b2001-46304
_92221
035 _a(NLR Aleph) 000247838
090 _a1445591
_c1445591
100 _a20020320d2001 |||y0rusy50 ca
101 0 _arus
102 _aRU
105 _aa |||||||||
200 1 _aРабочая тетрадь по русскому языку
_eСлож. предложение
_e9 кл., 1-е полугодие
_f[Брусина А. Е.]
210 _aСПб.
_cПаритет
_d2001
215 _a111, [1] с.
_cил.
_d22
300 _aНа обл. авт. не указан
606 0 _aРусский язык
_jУчебные издания
_91533567
_3RU\NLR\auth\66969347
610 0 _aПредложение в русском языке - Изучение в школе
610 0 _aРусский язык - Самостоятельная работа учащихся
675 _a373.167.1:811.161.1
_v3
_zrus
675 _a811.161.1(075.3)
_v3
_zrus
686 _a14.25
_2rugasnti
686 _a81.2Рус-922
_2rubbk
686 _aШ141.12-922.1[9]
700 1 _aБрусина
_bА. Е.
_gАнна Ефимовна
_4070
801 0 _aRU
_bRKP
_c20020320
_gPSBO
801 1 _aRU
_bRKP
_c20020320
801 2 _aRU
_bNLR
_c20020719
_grcr
942 _cBOOK
980 _aNB